书目信息 |
| 题名: |
中华人民共和国财务会计法典
|
|
| 作者: | ||
| 分册: | ||
| 出版信息: | 北京 法律出版社 2013 |
|
| 页数: | 569页 | |
| 开本: | 23cm | |
| 丛书名: | ||
| 单 册: | ||
| 中图分类: | D922.209 | |
| 科图分类: | ||
| 主题词: | 财政法--中国--汇编 , 会计法--中国--汇编 , 财政法 , 会计法 | |
| 电子资源: | ||
| ISBN: | 978-7-5118-4016-5 | |
| 000 | 01059nam0 2200289 450 | |
| 001 | 523 | |
| 005 | 20140908081212.39 | |
| 010 | @a978-7-5118-4016-5@dCNY75.00 | |
| 100 | @a20130106d2013 em y0chiy50 ea | |
| 101 | 0 | @achi |
| 102 | @aCN@b110000 | |
| 105 | @ay n 000yy | |
| 106 | @ar | |
| 200 | 1 | @a中华人民共和国财务会计法典@dFinance and accounting laws and regulations of China@zeng |
| 205 | @a3版 | |
| 210 | @a北京@c法律出版社@d2013 | |
| 215 | @a569页@d23cm | |
| 300 | @a中华人民共和国分类法典(应用版) 经济法编 20 | |
| 330 | @a本书涵盖财务会计领域,全面收录现行有效的法律、行政法规、司法解释,以及常用的部门规章、司法文件和请示复函。此外,为了方便读者理解和适用相关法律法规,对于重要的法律和行政法规还附有“条文注释”、“文书范本”和“典型案例”等内容。 | |
| 510 | 1 | @aFinance and accounting laws and regulations of China@zeng |
| 606 | 0 | @a财政法@y中国@j汇编 |
| 606 | 0 | @a会计法@y中国@j汇编 |
| 606 | 0 | @a财政法 |
| 606 | 0 | @a会计法 |
| 690 | @aD922.209@v5 | |
| 801 | 0 | @aCN@bTANGWEI@c20140603 |
| 905 | @b0842477-79@dD922.209@e1085=3@f3 | |
| 中华人民共和国财务会计法典=Finance and accounting laws and regulations of China.-3版.-北京:法律出版社,2013 |
| 569页;23cm |
| 中华人民共和国分类法典(应用版) 经济法编 20 |
| ISBN 978-7-5118-4016-5:CNY75.00 |
| 本书涵盖财务会计领域,全面收录现行有效的法律、行政法规、司法解释,以及常用的部门规章、司法文件和请示复函。此外,为了方便读者理解和适用相关法律法规,对于重要的法律和行政法规还附有“条文注释”、“文书范本”和“典型案例”等内容。 |
| ● |
| 相关链接 |
|
|
|
|
正题名:中华人民共和国财务会计法典
索取号:D922.209/1085=3
 
预约/预借
| 序号 | 登录号 | 条形码 | 馆藏地/架位号 | 状态 | 备注 |
| 1 | 0842477 | 208424775 | 第一样本阅览室/ [索取号:D922.209/1085=3] | 在馆 | |
| 2 | 0842478 | 208424784 | 密集书库-史法系/ [索取号:D922.209/1085=3] | 在馆 | |
| 3 | 0842479 | 208424793 | 第一借阅区/ [索取号:D922.209/1085=3] | 在馆 |